000
00314nam a2200133Ia 4500
003
OSt
005
20240319112358.0
008
170524s9999 xx 000 0 und d
020
_a
978-0333930694
040
_c
IIMT UNIVERSITY
100
_a
JAIN P K
245
0
_a
INTERNATIONAL FINANCIAL MANAGEMENT
942
_2
ddc
_c
02
999
_c
9988
_d
9988